LEADER 00953nam0-22002891i-450 001 990001767350403321 005 20190529131400.0 035 $a000176735 035 $aFED01000176735 035 $a(Aleph)000176735FED01 035 $a000176735 100 $a20030910d1967----km-y0itay50------ba 101 0 $aita 200 1 $aRicerche sperimentali sulla biologia del carciofo (Cynara scolymus L.)$enuove acquisizioni e prospettive di applicazionenella tecnica colturale$fAmedeo Jannaccone 210 $aBologna$c[s.n.]$d1967 215 $a7 p.$d30 cm 300 $aEstr. da: Rivista di agronomia, 1(1967), n. 1. 610 0 $aCarciofi 676 $a635.3 700 1$aJannaccone,$bAmedeo$069516 801 0$aIT$bUNINA$gRICA$2UNIMARC 901 $aLG 912 $a990001767350403321 952 $a60 OP. 76/5$b41908$fFAGBC 959 $aFAGBC 996 $aRicerche sperimentali sulla biologia del carciofo (Cynara scolymus L.$9363869 997 $aUNINA LEADER 01178oam 2200385Ka 450 001 9910698882603321 005 20250409163022.0 035 $a(CKB)5470000002397036 035 $a(OCoLC)320431130 035 $a(EXLCZ)995470000002397036 100 $a20090507d1986 ua 0 101 0 $aeng 181 $ctxt$2rdacontent 182 $cc$2rdamedia 183 $acr$2rdacarrier 200 10$aDetonation wave compression in gas turbines /$fA. Wortman 210 1$a[Cleveland, Ohio?] :$cNational Aeronautics and Space Administration, Lewis Research Center,$d[1986] 215 $a1 volume 225 1 $aNASA contractor report ;$v179557 300 $aTitle from title screen (viewed May 6, 2009) 606 $aCompression waves$2nasat 606 $aDetonation waves$2nasat 606 $aGas turbines$2nasat 615 7$aCompression waves. 615 7$aDetonation waves. 615 7$aGas turbines. 700 $aWortman$b A$01403609 712 02$aLewis Research Center. 801 0$bGPO 801 1$bGPO 801 2$bGPO 906 $aBOOK 912 $a9910698882603321 996 $aDetonation wave compression in gas turbines$93476595 997 $aUNINA